Southville International School and Colleges
Your cart is empty.
  • Cart
  • Lists
    Public lists Eva Luna New books Lux_list list_1
    Your lists Log in to create your own lists
  • Log in to your account
  • Your cookies
  • Search history
Southville International School and Colleges
  • Advanced search
  • Recent comments
  • Most popular
  • Libraries

Log in to your account

Log in with GOOGLE


If you do not have an external account, but do have a local account, you can still log in:

  1. Home
  2. MARC view: Guide to computer forensics and investigations :
Normal view MARC view ISBD view

Guide to computer forensics and investigations : (Record no. 305159)

[ view plain ]
MARC details
000 -LEADER
fixed length control field 00851cam a22002655i 4500
001 - CONTROL NUMBER
control field 18395448
003 - CONTROL NUMBER IDENTIFIER
control field SISC
005 - DATE AND TIME OF LATEST TRANSACTION
control field 20161011110156.0
008 - FIXED-LENGTH DATA ELEMENTS--GENERAL INFORMATION
fixed length control field 141204s2015 mau 000 0 eng
010 ## - LIBRARY OF CONGRESS CONTROL NUMBER
LC control number 2014958600
020 ## - INTERNATIONAL STANDARD BOOK NUMBER
International Standard Book Number 9781285060033 (hard copy : alk. paper)
040 ## - CATALOGING SOURCE
Original cataloging agency DLC
Language of cataloging eng
Description conventions rda
Transcribing agency DLC
042 ## - AUTHENTICATION CODE
Authentication code pcc
050 ## - LIBRARY OF CONGRESS CALL NUMBER
Classification number HV8079.C65
Item number .N331 2016
100 1# - MAIN ENTRY--PERSONAL NAME
Personal name Nelson, Bill.
245 10 - TITLE STATEMENT
Title Guide to computer forensics and investigations :
Remainder of title processing digital evidence /
Statement of responsibility, etc Bill Nelson, Amelia Phillips, Christopher Steuart.
250 ## - EDITION STATEMENT
Edition statement 5th edition.
260 ## - PUBLICATION, DISTRIBUTION, ETC. (IMPRINT)
Place of publication, distribution, etc USA :
Name of publisher, distributor, etc Cengage Learning,
Date of publication, distribution, etc 2016.
263 ## - PROJECTED PUBLICATION DATE
Projected publication date 1501
300 ## - PHYSICAL DESCRIPTION
Extent xxv, 655 pages :
Other physical details illustrations ;
Dimensions 23 cm.
500 ## - GENERAL NOTE
General note Includes appendix and index.
906 ## - LOCAL DATA ELEMENT F, LDF (RLIN)
a 0
b ibc
c orignew
d 2
e epcn
f 20
g y-gencatlg
942 ## - ADDED ENTRY ELEMENTS (KOHA)
Source of classification or shelving scheme Library of Congress Classification
Koha item type Books
Holdings
Withdrawn status Lost status Source of classification or shelving scheme Damaged status Home library Current library Shelving location Date acquired Source of acquisition Cost, normal purchase price Total Checkouts Full call number Barcode Date last seen Price effective from Koha item type
    Library of Congress Classification   College Library College Library Graduate Section 10/11/2016 Library Fund 9995.00   HV 8079.C65 .N331 2016 C20738 05/15/2018 10/11/2016 Books

Guide to computer forensics and investigations :

APA

Nelson B., . (2016). Guide to computer forensics and investigations. USA: Cengage Learning.

Chicago

Nelson Bill, . 2016. Guide to computer forensics and investigations. USA: Cengage Learning.

Harvard

Nelson B., . (2016). Guide to computer forensics and investigations. USA: Cengage Learning.

MLA

Nelson Bill, . Guide to computer forensics and investigations. USA: Cengage Learning. 2016.

  • Place hold
  • Print
  • Cite
  • Add to your cart (remove)
  • Save record
    BIBTEX Dublin Core MARCXML MARC (non-Unicode/MARC-8) MARC (Unicode/UTF-8) MARC (Unicode/UTF-8, Standard) MODS (XML) RIS
  • More searches
    Search for this title in:
    Other Libraries (WorldCat) Other Databases (Google Scholar) Online Stores (Bookfinder.com) Open Library (openlibrary.org)

Exporting to Dublin Core...

SOUTHVILLE LIBRARY

Southville International School and Colleges Library

1281 Tropical Ave. Cor. Luxembourg St., BF Homes International, Las Pinas City

Tel. No. 8256374 / 252358 Loc. 117/146

Powered by Koha